El arte de evaluar en el jardín de infantes /

Guardado en:
Autor Principal: Hayquel de Andrés, Myriam
Formato: Libro
Publicado: C¢rdoba : Koren, 1978
Materias:
Etiquetas: Agregar Etiqueta
Sin Etiquetas, Sea el primero en etiquetar este registro!
LEADER 00627nam a22001935a 4500
001 CEM.cems003181
008 130507s1978##################000#0#####d
005 20241210123028.0
245 1 0 |a El arte de evaluar en el jardín de infantes /  |c Myriam Hayquel de Andrés 
260 |a C¢rdoba :  |b Koren,  |c 1978 
300 |a 108 p. 
100 1 |a Hayquel de Andrés, Myriam 
082 0 4 |a 372.2 
653 |a Educacion 
653 |a Educacion preescolar 
653 |a Evaluacion 
653 |a Jardin de infantes 
859 |a CEMS  |b BIB. CEMS - 11 de abril  |h 372.2  |i H334  |p 9219.81  |t Ej.1 
859 |a CEMS  |b BIB. CEMS - 11 de abril  |h 372.2  |i H334  |p 8601.80  |t Ej.2